Organización del protectorado español en Marruecos
Gespeichert in:
| 1. Verfasser: | |
|---|---|
| Format: | Buch |
| Sprache: | Spanisch |
| Veröffentlicht: |
Madrid, España
Editora Nacional
1942
|
| Schlagworte: | |
| Tags: |
Tag hinzufügen
Keine Tags, Fügen Sie den ersten Tag hinzu!
|
MARC
| LEADER | 00000nam a2200000 a 4500 | ||
|---|---|---|---|
| 001 | UCO2327 | ||
| 003 | CL-VaPUC | ||
| 005 | 20211216172554.0 | ||
| 008 | 000602e19420000SP |||||||||||||||||spa|d | ||
| 999 | |c 288862 |d 288860 | ||
| 040 | |c Pontificia Universidad Católica de Valparaíso | ||
| 082 | 0 | 4 | |a 964.04 COR 1942 |2 21 |
| 100 | 0 | |a Cordero Torres, José María |e author |9 445397 | |
| 245 | 1 | 0 | |a Organización del protectorado español en Marruecos |
| 260 | |a Madrid, España |b Editora Nacional |c 1942 | ||
| 300 | |a 2 volúmenes | ||
| 583 | |a last modification |c 20160912 04:45:17 |k Rodrigo Vera | ||
| 650 | 7 | |a HISTORIA DE MARRUECOS |2 CL-VaPUC |9 445398 |y SIGLO 20 | |
| 650 | 0 | |a Colonias españolas |z MARRUECOS |9 267778 | |
| 650 | 7 | |a PROTECTORADOS |2 CL-VaPUC |9 445399 |z MARRUECOS |z ESPAÑA | |
| 852 | |a BIBCUR | ||
| 942 | |c BK |2 ddc | ||
| 945 | |d 20000602 00:00:00 |a rherrera | ||
| 952 | |0 0 |1 0 |2 ddc |4 0 |6 964_040000000000000_COR_1942 |7 0 |8 X |9 336820 |a BIBHIS |b BIBHIS |d 2019-11-20 |h v.1 |i 128519K |o 964.04 COR 1942 |p 128519K |r 2024-01-30 |t 1 |w 2019-11-20 |y BK_X |k HIS | ||
| 952 | |0 0 |1 0 |2 ddc |4 0 |6 964_040000000000000_COR_1942 |7 0 |8 X |9 336821 |a BIBHIS |b BIBHIS |d 2019-11-20 |h v.2 |i 1285203 |o 964.04 COR 1942 |p 1285203 |r 2024-01-30 |t 1 |w 2019-11-20 |y BK_X |k HIS | ||